Países que acaban por la letra A - Estadísticas

Estadísticas generales
  • Esta prueba ha sido intentada 65 veces
    60 desde el último reinicio
  • La puntuación promedio es 76 de 93
Estadísticas de respuestas
País % Correcto
Argelia
98%
Alemania
95%
Dinamarca
95%
España
95%
Rusia
95%
Albania
93%
Argentina
93%
Austria
93%
Belgica
93%
China
93%
Australia
91%
Bielorrusia
91%
Eslovaquia
91%
Eslovenia
91%
India
91%
Indonesia
91%
Andorra
89%
Armenia
89%
Canada
89%
Estonia
89%
Etiopía
89%
Francia
89%
Hungría
89%
Irlanda
89%
Letonia
89%
Lituania
89%
Noruega
89%
Colombia
86%
Cuba
86%
Islandia
86%
Rumanía
86%
Angola
84%
Bolivia
84%
Croacia
84%
Gambia
84%
Grecia
84%
Panamá
84%
Tailandia
84%
Zambia
84%
Costa Rica
82%
Dominica
82%
Ghana
82%
Italia
82%
Jordania
82%
Libia
82%
Malasia
82%
Moldavia
82%
Polonia
82%
República Dominicana
82%
Suecia
82%
Suiza
82%
Turquia
82%
Bulgaria
80%
Finlandia
80%
Georgia
80%
Guinea
80%
Jamaica
80%
Serbia
80%
Venezuela
80%
Bosnia y Herzegovina
77%
Botsuana
77%
Eritrea
77%
Granada
77%
Guatemala
77%
Mauritania
77%
Nigeria
77%
Nueva Zelanda
77%
República Checa
77%
Somalia
77%
Sudáfrica
77%
Tonga
77%
Kenia
75%
Liberia
75%
Malta
75%
Namibia
75%
Nicaragua
75%
Ruanda
75%
Uganda
75%
Guyana
73%
Mongolia
73%
Siria
73%
Ucrania
73%
Camboya
70%
Santa Lucía
70%
Tanzania
70%
Papua Nueva Guinea
68%
Antigua y Barbuda
64%
República Centroafricana
64%
Samoa
64%
Arabia Saudita
61%
Sri Lanka
61%
Sierra Leona
59%
Estados Federados de Micronesia
55%
No se encontraron pruebas coincidentes
Distribución de puntuación
Porcentaje de gente con cada puntuación
Porcentaje por número respondido
Historial de tus puntuaciones
No has intentado esta prueba desde el último reinicio